[Event "Chigorin Mem"]
[Site "St Petersburg RUS"]
[Date "2000.11.06"]
[Round "6"]
[White "Eliseev,A"]
[Black "Eljanov,P"]
[Result "0-1"]
[WhiteElo "2386"]
[BlackElo "2487"]

1.Nf3 c5 2.g3 Nc6 3.Bg2 Nf6 4.O-O d5 5.d3 e6 6.Nbd2 Be7 7.e4 Qc7 8.Re1 b6
9.Nf1 d4 10.c3 e5 11.cxd4 cxd4 12.Bg5 O-O 13.Rc1 Bd7 14.Nh4 g6 15.f4 Qd6
16.Nf3 Ng4 17.Bxe7 Qxe7 18.h3 Nf6 19.fxe5 Nxe5 20.Nxd4 Rad8 21.Nf3 Bb5 22.Nxe5 Qxe5
23.Rc3 Rd4 24.Re3 Rfd8 25.Qf3 Nd7 26.Nh2 Qe6 27.Qf4 Ne5 28.Nf3 Nxf3+ 29.Rxf3 Bxd3
30.Rc7 R4d7 31.Rxd7 Rxd7 32.Kh2 h5 33.a3 Kg7 34.e5 Bf5 35.Rf1 Rc7 36.Rf2 Rc5
37.Re2 Bd3 38.Re3 Bb5 39.g4 h4 40.a4 Ba6 41.g5 Rc2 42.Qf6+ Kg8 43.Kh1 Rxb2
44.Qd8+ Kg7 45.Qf6+ Kg8 46.Qd8+ Kh7 47.Re4 Rb1+ 48.Kh2 Rb4 49.Qf6 Qxf6 50.exf6 Rxe4
51.Bxe4 Bc8 52.Bc6 Kg8 53.Kg2 Kf8 54.Bb5 a6 55.Bc6 Be6 56.Bb7 Bd7 57.Bxa6 Bxa4
58.Kf3 Bd7 59.Bf1 b5 60.Ke3 b4 61.Kd2 Be6 62.Ke3 Ke8 63.Kd4 Kd7 64.Ke5 b3
65.Bb5+ Kd8 66.Bd3 b2  0-1

[Event "Chigorin Mem"]
[Site "St Petersburg RUS"]
[Date "2000.11.10"]
[Round "9"]
[White "Eljanov,P"]
[Black "Simantsev,M"]
[Result "1-0"]
[WhiteElo "2487"]
[BlackElo "2403"]

1.d4 Nf6 2.c4 c5 3.d5 e6 4.Nf3 exd5 5.cxd5 d6 6.e4 g6 7.Bd3 Bg7 8.O-O O-O
9.h3 b5 10.Re1 Re8 11.Bxb5 Rxe4 12.Nc3 Rxe1+ 13.Qxe1 Bb7 14.Bg5 a6 15.Bc4 Nbd7
16.Qd2 Qc7 17.Re1 Nb6 18.b3 Re8 19.Rxe8+ Nxe8 20.Qe2 Qc8 21.Bd2 Nf6 22.Qd3 Qa8
23.Bf4 Nfxd5 24.Nxd5 Bxd5 25.Bxa6 Bxf3 26.gxf3 Nd5 27.Qe4 Bd4 28.Bh6 Nc7
29.Qxa8+ Nxa8 30.Bf4 Nc7 31.Bc4 Ne8 32.Bb5 Nc7 33.Bc4 Ne8 34.Kf1 Kf8 35.Bb5 d5
36.a4 Ke7 37.a5 Nd6 38.Bc6 c4 39.Bxd5 c3 40.Ke2 Nb5 41.Bc4 Na3 42.Kd3 Bxf2
43.a6  1-0

[Event "Anibal Open"]
[Site "Anibal Open ESP"]
[Date "2001.01.09"]
[Round "2"]
[White "Eljanov,P"]
[Black "Sanchez Jimenez,JC"]
[Result "1-0"]
[WhiteElo "2487"]
[BlackElo "2226"]

1.d4 d5 2.c4 c6 3.Nf3 Nf6 4.Nc3 dxc4 5.e4 b5 6.e5 Nd5 7.a4 e6 8.Ng5 Qd7 9.Be2 h6
10.Nge4 Be7 11.axb5 cxb5 12.Nxd5 exd5 13.Nc3 Nc6 14.Bf3 Nb4 15.O-O a5 16.Re1 Ra6
17.h3 O-O 18.Be3 f5 19.Bf4 g5 20.Bd2 g4 21.Be2 gxh3 22.g3 Rg6 23.Bh5 Ra6
24.Bf3 Bd8 25.b3 Bb7 26.bxc4 bxc4 27.Rb1 Kh8 28.Na4 Be7 29.Nc5 Bxc5 30.dxc5 Nd3
31.e6 Qe7 32.Re2 Nxc5 33.Bxh6 Rg8 34.Rxb7 Nxb7 35.Qxd5 Rg6 36.Bd2 Raxe6 37.Bc3+ Kh7
38.Rxe6 Rxe6 39.Qxf5+ Kh6 40.Qh5+  1-0

[Event "Anibal Open"]
[Site "Linares ESP"]
[Date "2001.01.16"]
[Round "9"]
[White "Zilberman,Y"]
[Black "Eljanov,P"]
[Result "1/2-1/2"]
[WhiteElo "2481"]
[BlackElo "2556"]

1.d4 Nf6 2.c4 g6 3.Nc3 d5 4.Nf3 Bg7 5.Bg5 Ne4 6.cxd5 Nxg5 7.Nxg5 e6 8.Qd2 h6
9.Nf3 exd5 10.e3 a5 11.Be2 O-O 12.O-O c6 13.b3 Bg4 14.Rac1 Nd7 15.Rfd1 f5
16.a3 Bxf3 17.Bxf3 Nf6 18.b4 axb4 19.axb4 b5 20.Ne2 Qd6 21.Qc2 Ra6 22.Ra1 Rfa8
23.Rxa6 Rxa6 24.Nf4 Ne4 25.Nd3 Qf6 26.Qb2 Qe7 27.Ra1 Rxa1+ 28.Qxa1 Nd6 29.g3 Kh7
30.h4 Ne4 31.Kg2 g5 32.hxg5 hxg5 33.Nc5 f4 34.exf4 gxf4 35.Qb1 Kh8 36.Qh1+ Kg8
37.Qh3 fxg3 38.Qxg3 Nd6 39.Bg4 Ne4 40.Qb8+ Qf8 41.Be6+ Kh8 42.Qxf8+ Bxf8
43.Bd7 Nxc5 44.dxc5 Bh6 45.Bxc6 Bd2 46.Bxd5 Bxb4 47.c6 Bd6 48.Kf3 Kg7 49.Ke4 Kf6
50.Bb3 b4 51.Kd5 Ke7 52.Ke4 Kd8 53.Bc2 Kc7 54.Kd5 Bf4 55.Kc5 Bh2 56.Kb5 Bf4
57.Ba4 Bd2 58.f3 Kb8 59.Bc2 Kc7 60.Bb3 Kb8 61.Kc5 Kc7 62.Bd5 Kc8  1/2-1/2

[Event "Anibal Open"]
[Site "Linares ESP"]
[Date "2001.01.17"]
[Round "10"]
[White "Eljanov,P"]
[Black "Riazantsev,A"]
[Result "1/2-1/2"]
[WhiteElo "2556"]
[BlackElo "2485"]

1.d4 d5 2.c4 c6 3.Nf3 e6 4.Nc3 dxc4 5.Bg5 f6 6.Bf4 b5 7.e4 Bb7 8.Be2 Bb4
9.O-O Ne7 10.Rc1 Ng6 11.Be3 Qa5 12.Bd2 Nd7 13.a3 Be7 14.Nd5 Qd8 15.Nxe7 Nxe7
16.b3 Nb6 17.bxc4 bxc4 18.Qc2 O-O 19.a4 Ba6 20.a5 Nbc8 21.Bxc4 Bxc4 22.Qxc4 Qd7
23.e5 Re8 24.Rfe1 Kf7 25.Rc3 Rb8 26.Rec1 Rb5 27.Qd3 Kg8 28.exf6 gxf6 29.Rxc6 Nxc6
30.Qxb5 N8e7 31.Qh5 Ng6 32.Be3 Rb8 33.Qc5 Nce7 34.Nd2 Rc8 35.Qa3 Rxc1+ 36.Qxc1 f5
37.Nb3 f4 38.Nc5 Qb5 39.Bd2 f3 40.Qe1 e5 41.Qd1 exd4 42.Qb3+ Qxb3 43.Nxb3 Nc6
44.gxf3 Nge5 45.Kf1 Nxf3 46.Bf4 d3 47.a6  1/2-1/2

[Event "Open"]
[Site "Ubeda ESP"]
[Date "2001.01.23"]
[Round "3"]
[White "Labib,I"]
[Black "Eljanov,P"]
[Result "0-1"]
[WhiteElo "2426"]
[BlackElo "2556"]

1.c4 c5 2.g3 Nc6 3.Bg2 g6 4.Nc3 Bg7 5.d3 e6 6.h4 Nf6 7.Nh3 d6 8.Nf4 h6 9.Rb1 O-O
10.Bd2 Ne7 11.b4 cxb4 12.Rxb4 d5 13.Rb1 dxc4 14.dxc4 Qd4 15.Nb5 Qxc4 16.Bb4 Nfd5
17.Nxd5 Nxd5 18.Bxf8 Bxf8 19.Qb3 Qc5 20.O-O a6 21.e4 Nf4 22.gxf4 axb5 23.Qxb5 Rxa2
24.Qxc5 Bxc5 25.Rfd1 Bxf2+ 26.Kf1 Bxh4 27.Rbc1 Ra8 28.e5 Rb8 29.Rc7 b6 30.Ra1 Bg3
31.Raa7 Bxf4 32.Rxf7 Ba6+ 33.Ke1 Bxe5 34.Be4 Bc4 35.Bxg6 Rd8 36.Rfd7 Rxd7
37.Rxd7 b5 38.Rb7 b4 39.Bc2 Bd5 40.Rb5 Kf7 41.Kd2 Bc3+ 42.Ke3 Kf6 43.Bd1 Bc6
44.Rb6 Be8 45.Bg4 Bf7 46.Rb7 e5 47.Bf3 Be6 48.Kd3 Kg5 49.Rb6 Ba2 50.Rb8 h5
51.Ke3 h4 52.Rh8 Bd4+ 53.Kd3 Bf7 54.Rb8 b3 55.Rb7 b2 56.Be4 h3 57.Ke2 h2  0-1

[Event "Open"]
[Site "Ubeda ESP"]
[Date "2001.01.27"]
[Round "7"]
[White "Kobalija,M"]
[Black "Eljanov,P"]
[Result "1-0"]
[WhiteElo "2581"]
[BlackElo "2556"]

1.d4 d5 2.c4 e6 3.Nf3 c5 4.cxd5 exd5 5.Nc3 Nc6 6.g3 Nf6 7.Bg2 Be7 8.O-O O-O
9.dxc5 Bxc5 10.a3 Re8 11.b4 Bb6 12.Bb2 Bg4 13.Na4 Bc7 14.Nc5 Rb8 15.Rc1 Ne5
16.Re1 Qe7 17.Qd2 Bd6 18.h3 Bf5 19.Qg5 Be4 20.Nxe4 Nxe4 21.Qxe7 Rxe7 22.Nd4 Nc4
23.Rxc4 dxc4 24.Nf5 Rbe8 25.Nxe7+ Rxe7 26.Rd1 Bc7 27.Bxe4 Rxe4 28.Rd7 Bb6
29.Rxb7 h5 30.e3 Re6 31.Rb8+ Kh7 32.Rc8 h4 33.gxh4 Rd6 34.Rxc4 Bxe3 35.fxe3 Rd1+
36.Kf2 Rd2+ 37.Kf3 Rxb2 38.Rc5 Rh2 39.Kg3 Re2 40.Kf3 Rh2 41.Ra5 Rxh3+ 42.Kf2 Rxh4
43.Rxa7 Kg6 44.b5 f5 45.b6 Rh2+ 46.Kf3 Rb2 47.b7 Kf6 48.a4 g5 49.a5 g4+ 50.Kg3 Kg5
51.a6 Rb3 52.Kf2 Rb2+ 53.Ke1  1-0

[Event "Rubinstein Open"]
[Site "Polanica Zdroj POL"]
[Date "2001.08.16"]
[Round "1"]
[White "Barglowski,F"]
[Black "Eljanov,P"]
[Result "0-1"]
[WhiteElo "2206"]
[BlackElo "2522"]

1.e4 c5 2.Nf3 Nc6 3.d4 cxd4 4.Nxd4 e5 5.Nb5 d6 6.c4 Be7 7.Be2 Nf6 8.N1c3 a6
9.Na3 Nd4 10.Be3 Nxe2 11.Qxe2 O-O 12.O-O Be6 13.f3 Nh5 14.Qd2 Nf4 15.Bxf4 exf4
16.Kh1 Bf6 17.Rad1 Be5 18.Nd5 Bxd5 19.exd5 Re8 20.Nb1 b5 21.cxb5 axb5 22.a3 Qf6
23.Qd3 Reb8 24.b4 g6 25.Qe2 Qf5 26.Rc1 g5 27.Rc7 h5 28.h3 Rc8 29.Rxc8+ Rxc8
30.Qxb5 g4 31.Nd2 gxh3 32.gxh3 Qxh3+ 33.Kg1 Qg3+ 34.Kh1 Bd4  0-1

[Event "Rubinstein Open"]
[Site "Polanica Zdroj POL"]
[Date "2001.08.18"]
[Round "3"]
[White "Babaev,Ra"]
[Black "Eljanov,P"]
[Result "0-1"]
[WhiteElo "2361"]
[BlackElo "2522"]

1.e4 c5 2.Nf3 Nc6 3.d4 cxd4 4.Nxd4 Nf6 5.Nc3 e5 6.Ndb5 d6 7.Bg5 a6 8.Na3 b5
9.Nd5 Be7 10.Bxf6 Bxf6 11.c3 O-O 12.Nc2 Rb8 13.h4 Be7 14.Nce3 Be6 15.g3 Qd7
16.Bd3 Bd8 17.Qf3 Ne7 18.g4 b4 19.h5 Bxd5 20.exd5 bxc3 21.bxc3 Qa4 22.O-O Bb6
23.Nc4 Bc5 24.h6 f5 25.gxf5 Nxf5 26.Bxf5 Qxc4 27.hxg7 Kxg7 28.Qh5 Kf6 29.Be6 Qf4
30.Kh1 Kg7 31.Rg1+ Kh8 32.Qg5 Qxg5 33.Rxg5 Bxf2 34.Bf5 Be3 35.Rh5 h6 36.Rf1 Rb2
37.a4 Bg5 38.Bd3 Rxf1+ 39.Bxf1 a5 40.Rh2 Rb1 41.Rf2 Ra1 42.Kg2 Rxa4 43.Rb2 e4
44.Kf2 e3+ 45.Ke2 Rf4  0-1

[Event "Rubinstein Open"]
[Site "Polanica Zdroj POL"]
[Date "2001.08.19"]
[Round "4"]
[White "Eljanov,P"]
[Black "Hnydiuk,A"]
[Result "1/2-1/2"]
[WhiteElo "2522"]
[BlackElo "2362"]

1.d4 Nf6 2.Nf3 d5 3.c4 e6 4.Nc3 c5 5.cxd5 Nxd5 6.e3 Nc6 7.Bd3 Be7 8.O-O O-O
9.a3 cxd4 10.exd4 Bf6 11.Be4 Nce7 12.Qd3 g6 13.Bh6 Re8 14.h4 Bd7 15.Ne5 Bc6
16.Bg5 Nf5 17.Bxf5 exf5 18.Nxc6 bxc6 19.Qd2 Bxg5 20.hxg5 f4 21.Nxd5 Qxd5
22.Qxf4 Re4 23.Qf3 Rxd4 24.Qxd5 Rxd5 25.f4 Rd2 26.Rf2 Rad8 27.Re1 a5 28.Re5 Kf8
29.Rxa5 Rxf2 30.Kxf2 Rd2+ 31.Ke3 Rxb2 32.g4 Ke7 33.f5 Kd6 34.Ke4 Rb1 35.Ra7 Rg1
36.Kf4 Rf1+ 37.Ke3 Rg1 38.Kf4 Rf1+ 39.Kg3 Rg1+  1/2-1/2

[Event "Rubinstein Open"]
[Site "Polanica Zdroj POL"]
[Date "2001.08.20"]
[Round "5"]
[White "Smetankin,S"]
[Black "Eljanov,P"]
[Result "0-1"]
[WhiteElo "2433"]
[BlackElo "2522"]

1.e4 c5 2.Nf3 Nc6 3.d4 cxd4 4.Nxd4 Nf6 5.Nc3 e5 6.Ndb5 d6 7.Bg5 a6 8.Na3 b5
9.Nd5 Be7 10.Bxf6 Bxf6 11.c3 O-O 12.Nc2 Bg5 13.a4 bxa4 14.Rxa4 a5 15.Bc4 Rb8
16.b3 Kh8 17.O-O f5 18.exf5 Bxf5 19.Nce3 Bg6 20.Bd3 Bxd3 21.Qxd3 Bxe3 22.Nxe3 Rxb3
23.Qc4 Qb6 24.Nd5 Qb5 25.f4 exf4 26.Nxf4 Qb6+ 27.Kh1 Ne5 28.Qe4 g5  0-1

[Event "Rubinstein Open"]
[Site "Polanica Zdroj POL"]
[Date "2001.08.22"]
[Round "7"]
[White "Gritsak,O"]
[Black "Eljanov,P"]
[Result "1/2-1/2"]
[WhiteElo "2499"]
[BlackElo "2522"]

1.c4 c5 2.Nf3 e6 3.Nc3 Nc6 4.g3 d5 5.cxd5 exd5 6.d4 Nf6 7.Bg2 Be7 8.O-O O-O
9.dxc5 Bxc5 10.Bg5 d4 11.Bxf6 Qxf6 12.Nd5 Qd8 13.Nd2 Re8 14.Rc1 Bf8 15.Nb3 Bf5
16.Nxd4 Nxd4 17.Qxd4 Rxe2 18.Bf3  1/2-1/2

[Event "Rubinstein Open"]
[Site "Polanica Zdroj POL"]
[Date "2001.08.23"]
[Round "8"]
[White "Eljanov,P"]
[Black "Zubarev,A1"]
[Result "1-0"]
[WhiteElo "2522"]
[BlackElo "2470"]

1.d4 Nf6 2.Nf3 c5 3.d5 b5 4.Bg5 Ne4 5.Bh4 Bb7 6.e3 g6 7.c3 Qb6 8.a4 b4 9.c4 e6
10.Nbd2 Nxd2 11.Qxd2 Bg7 12.a5 Qd6 13.e4 h6 14.Bd3 e5 15.O-O Qc7 16.Bc2 d6
17.Ba4+ Nd7 18.Rfd1 Rb8 19.Bc6 Bc8 20.Kh1 O-O 21.Rg1 g5 22.Bg3 Nf6 23.Qe2 Nxe4
24.Qxe4 f5 25.Qe2 f4 26.Nd2 fxg3 27.hxg3 e4 28.Nxe4 Bf5 29.Rgf1 Bxb2 30.Qxb2 Bxe4
31.Qb3 Qh7 32.Rac1 Rf7 33.f3 Bf5 34.Rfe1 Re7 35.Ba4 Rbb7 36.g4 Bc8 37.Qb2 Qg7
38.Qb1 Kf8 39.Qd3 Rbc7 40.Bc2 Rxe1+ 41.Rxe1 Re7 42.Rxe7 Kxe7 43.Qe4+ Kd8
44.Qd3 Bd7 45.Qd1 Qd4 46.Qxd4 cxd4 47.Kg1 Kc7 48.Kf2 Kb7 49.Bd3 b3 50.g3 Ka6
51.c5+ Kxa5 52.c6 Bc8 53.Ke1 Kb4 54.Kd2 Ka3 55.f4 Ka2 56.f5 b2 57.c7 Ba6  1-0

[Event "Rubinstein Open"]
[Site "Polanica Zdroj POL"]
[Date "2001.08.24"]
[Round "9"]
[White "Eljanov,P"]
[Black "Jaracz,P"]
[Result "1/2-1/2"]
[WhiteElo "2522"]
[BlackElo "2521"]

1.Nf3 c5 2.c4 Nc6 3.d4 cxd4 4.Nxd4 Nf6 5.Nc3 Qb6 6.e3 e6 7.Be2 Qc7 8.O-O a6
9.b3 Be7 10.Bb2 d6 11.Rc1 Ne5 12.Nf3 Ned7 13.Ng5 b6 14.f4 O-O 15.Qe1 h6 16.Nge4 Nxe4
17.Nxe4 f5 18.Ng3 Bf6 19.Bd4 Bb7 20.Nh5 e5 21.Ba1  1/2-1/2

[Event "Chigorin Mem Open"]
[Site "St Petersburg RUS"]
[Date "2001.10.01"]
[Round "7"]
[White "Eljanov,P"]
[Black "Egorov,E"]
[Result "1-0"]
[WhiteElo "2522"]
[BlackElo "2416"]

1.d4 d5 2.c4 dxc4 3.Nf3 Nf6 4.e3 Bg4 5.Bxc4 e6 6.O-O Nc6 7.Nc3 Bd6 8.h3 Bh5
9.Be2 O-O 10.a3 Bg6 11.Nh4 e5 12.Nxg6 hxg6 13.d5 Ne7 14.Bf3 Nf5 15.g3 Qd7
16.Bg2 Kh7 17.Qd3 Rh8 18.e4 Nd4 19.Be3 Nb3 20.Rad1 Nc5 21.Qc4 b5 22.Nxb5 Ncxe4
23.Nxa7 Kg8 24.Qc6 Qxc6 25.Nxc6 Ra4 26.g4 g5 27.Rfe1 Rc4 28.Rc1 Ra4 29.f3 Ng3
30.Bxg5 Nxd5 31.Kf2 f6 32.Bd2 Nf4 33.Kxg3 Nd3 34.Re4 Rxe4 35.fxe4 Nxc1 36.Bxc1 Kf7
37.Bf1 Ra8 38.Bc4+ Ke8 39.b4 Kd7 40.Bd5 Ra4 41.h4 Bf8 42.Na5 Kd6 43.Bb3  1-0

[Event "Chigorin Mem Open"]
[Site "St Petersburg RUS"]
[Date "2001.10.26"]
[Round "1"]
[White "Eljanov,P"]
[Black "Ignatiev,Alexa"]
[Result "1-0"]
[WhiteElo "2522"]
[BlackElo "2311"]

1.d4 d5 2.c4 c6 3.Nf3 Nf6 4.Nc3 dxc4 5.e4 b5 6.e5 Nd5 7.a4 h6 8.Nxd5 cxd5
9.axb5 e6 10.Bd2 Bd7 11.b3 Bxb5 12.bxc4 dxc4 13.Bxc4 Bxc4 14.Qa4+ Nd7 15.Qxc4 Be7
16.d5 exd5 17.Qg4 Bg5 18.Bxg5 hxg5 19.O-O Nc5 20.Nxg5 Qd7 21.Qb4 Ne6 22.Nxe6 fxe6
23.Ra6 Kf7 24.Rfa1 Rhe8 25.h4 Kg8 26.Qg4 Qf7 27.R1a3 Kh7 28.h5 Qf5 29.Qxf5+ exf5
30.f4 Re7 31.Kf2 Rc7 32.Ke3 Rc4 33.Rxa7 Rb8 34.Rf7 Rb2 35.g3 Re4+ 36.Kf3 Re1
37.Rxf5 Rg1 38.Rf7 Rbg2 39.Kg4 d4 40.Rd3  1-0

[Event "Chigorin Mem Open"]
[Site "St Petersburg RUS"]
[Date "2001.10.27"]
[Round "2"]
[White "Bratchenko,A"]
[Black "Eljanov,P"]
[Result "1/2-1/2"]
[WhiteElo "2384"]
[BlackElo "2522"]

1.d4 Nf6 2.c4 g6 3.Nc3 d5 4.Nf3 Bg7 5.Bg5 Ne4 6.cxd5 Nxg5 7.Nxg5 e6 8.Qd2 h6
9.Nh3 exd5 10.Nf4 O-O 11.e3 c5 12.dxc5 d4 13.exd4 Re8+ 14.Be2 Bxd4 15.Rd1 Nc6
16.O-O Bf5 17.Bd3 Bg4 18.Be2 Bf5  1/2-1/2

[Event "Chigorin Mem Open"]
[Site "St Petersburg RUS"]
[Date "2001.10.29"]
[Round "4"]
[White "Zakharevich,I"]
[Black "Eljanov,P"]
[Result "1-0"]
[WhiteElo "2456"]
[BlackElo "2522"]

1.d4 Nf6 2.c4 g6 3.Nc3 d5 4.cxd5 Nxd5 5.Bd2 Bg7 6.e4 Nb6 7.Be3 O-O 8.Bb5 N8d7
9.Nf3 c6 10.Be2 e5 11.O-O exd4 12.Bxd4 Qe7 13.Bxg7 Kxg7 14.Qd4+ Kg8 15.Rfe1 Nc5
16.e5 Bf5 17.Qf4 Ne6 18.Qg3 Qb4 19.Nh4 Bc2 20.Bd1 Qxb2 21.Bxc2 Qxc2 22.Re2  1-0

[Event "4th Rector Cup"]
[Site "Kharkov UKR"]
[Date "2002.03.23"]
[Round "2"]
[White "Gershon,A"]
[Black "Eljanov,P"]
[Result "1/2-1/2"]
[WhiteElo "2558"]
[BlackElo "2540"]

1.c4 c5 2.Nf3 Nc6 3.Nc3 e5 4.g3 g6 5.Bg2 Bg7 6.O-O d6 7.d3 Nge7 8.Ne1 Be6
9.Nd5 O-O 10.a3 a5 11.Rb1 Rb8 12.Bd2 b5 13.b3 h6 14.Nc2 f5 15.b4 axb4 16.axb4 bxc4
17.dxc4 e4 18.bxc5 Rxb1 19.Qxb1 dxc5 20.Rd1 Nxd5 21.cxd5 Qxd5 22.Bxh6 Rb8
23.Qxb8+ Nxb8 24.Rxd5 Bxd5 25.Bxg7 Kxg7 26.f3 Kf6 27.Kf2 Ke5 28.Ke3 Nd7 29.f4+ Kd6
30.g4 Nf6 31.gxf5 gxf5 32.Kd2 Nh5 33.Bh3 Be6 34.e3 Nf6 35.Bf1 Ng4 36.h4 Bb3  1/2-1/2

[Event "4th Rector Cup"]
[Site "Kharkov UKR"]
[Date "2002.03.24"]
[Round "3"]
[White "Eljanov,P"]
[Black "Kovchan,A"]
[Result "1-0"]
[WhiteElo "2540"]
[BlackElo "2507"]

1.Nf3 Nf6 2.c4 g6 3.Nc3 d5 4.cxd5 Nxd5 5.Qb3 Nb6 6.d4 Be6 7.Qc2 Bg7 8.Bg5 h6
9.Bh4 O-O 10.e3 N8d7 11.Rd1 Rc8 12.e4 Bg4 13.Be2 Qe8 14.O-O c5 15.d5 c4 16.h3 Bxf3
17.Bxf3 Nc5 18.Bg4 e6 19.dxe6 fxe6 20.Bg3 Nd3 21.Bd6 Rf7 22.e5 Kh7 23.Be2 Nxe5
24.Bxe5 Bxe5 25.Qe4 Bxc3 26.bxc3 Nd5 27.Qe5 Rf5 28.Qg3 Qf7 29.Bg4 Nf4 30.Rd4 Rf8
31.Re1 Nxg2 32.Red1 Nf4 33.Rd7 h5 34.Rxf7+ R8xf7 35.Qh2 Rg5 36.Kf1 Nd3 37.Bxe6 Rxf2+
38.Qxf2 Nxf2 39.Kxf2 Re5 40.Bxc4 Rc5 41.Rd4 b5 42.Bd3 Rxc3 43.Rd7+ Kh6 44.Rd6 Kg5
45.Kg3 h4+ 46.Kf3 Ra3 47.Rxg6+ Kh5 48.Rd6 Rxa2 49.Bxb5 Ra3+ 50.Kf4  1-0

[Event "4th Rector Cup"]
[Site "Kharkov UKR"]
[Date "2002.03.25"]
[Round "4"]
[White "Eljanov,P"]
[Black "Kempinski,R"]
[Result "0-1"]
[WhiteElo "2540"]
[BlackElo "2576"]

1.d4 Nf6 2.Nf3 g6 3.c4 Bg7 4.Nc3 O-O 5.e4 c6 6.Be2 d5 7.e5 Ne4 8.O-O Nxc3
9.bxc3 dxc4 10.Bxc4 c5 11.Ng5 h6 12.Ne4 cxd4 13.cxd4 Nc6 14.Be3 Na5 15.Bd3 f5
16.exf6 exf6 17.Nd2 f5 18.Nf3 Nc6 19.Ne5 Nxe5 20.dxe5 Bxe5 21.Bxh6 Qh4 22.f4 Qxh6
23.Bc4+ Kg7 24.fxe5 Rh8 25.Qd5 Qxh2+ 26.Kf2 Qh4+ 27.Ke3 Qe7 28.Rad1 Re8 29.Kf4 Be6
30.Qxe6 Qh4+  0-1

[Event "4th Rector Cup"]
[Site "Kharkov UKR"]
[Date "2002.03.26"]
[Round "6"]
[White "Moiseenko,A"]
[Black "Eljanov,P"]
[Result "1/2-1/2"]
[WhiteElo "2559"]
[BlackElo "2540"]

1.d4 Nf6 2.c4 g6 3.Nc3 d5 4.Nf3 Bg7 5.Bg5 Ne4 6.Bh4 c6 7.e3 Qa5 8.Qb3 dxc4
9.Bxc4 Nd6 10.O-O Nxc4 11.Qxc4 Be6 12.Qe2 h6 13.e4 g5 14.Bg3 Bg4 15.h3 Bh5
16.Qe3 Nd7 17.Nd2 c5 18.d5 Qb4 19.e5 O-O 20.Nb3 a5 21.e6 Nb6 22.exf7+ Bxf7
23.Qxe7 Nxd5 24.Nxd5 Bxd5 25.Rad1 Rf7 26.Qd6 Bxb3 27.axb3 Qxb3  1/2-1/2

[Event "4th Rector Cup"]
[Site "Kharkov UKR"]
[Date "2002.03.28"]
[Round "9"]
[White "Kempinski,R"]
[Black "Eljanov,P"]
[Result "1/2-1/2"]
[WhiteElo "2576"]
[BlackElo "2540"]

1.Nf3 Nf6 2.c4 c5 3.Nc3 Nc6 4.d4 cxd4 5.Nxd4 g6 6.g3 d6 7.Bg2 Bd7 8.O-O Bg7
9.Nc2 O-O 10.b3 a6 11.Bb2 Rb8 12.Nd5 Nxd5 13.Bxg7 Ne3 14.Nxe3 Kxg7 15.Qd2 Qa5
16.Qxa5 Nxa5 17.Nd5 Nc6 18.Rfd1 Be6 19.Rac1 Rfd8 20.Kf1 Rbc8 21.Ke1 Bxd5
22.Bxd5 Rc7  1/2-1/2

[Event "13th Open"]
[Site "Ljubljana SLO"]
[Date "2002.06.24"]
[Round "3"]
[White "Piskur,M"]
[Black "Eljanov,P"]
[Result "0-1"]
[WhiteElo "2276"]
[BlackElo "2561"]

1.e4 c5 2.Nf3 Nc6 3.d3 d6 4.g3 Nf6 5.Bg2 Bg4 6.h3 Bxf3 7.Qxf3 g6 8.O-O Bg7
9.c3 O-O 10.Qe2 Rb8 11.f4 Nd7 12.Nd2 e6 13.Nf3 b5 14.Be3 b4 15.d4 Qa5 16.d5 exd5
17.exd5 Ne7 18.c4 Nf5 19.Bf2 Rfe8 20.Qc2 Ne3 21.Bxe3 Rxe3 22.Qd2 Rbe8 23.Rf2 Nb6
24.Bf1 Na4 25.Ne5 Rxg3+ 26.Kh2 dxe5 27.Kxg3 e4 28.Re1 Bxb2 29.Qc2 f5 30.Rfe2 Bd4
31.Bg2 Nc3 32.Rd2 Qc7 33.Qb3 g5  0-1

[Event "13th Open"]
[Site "Ljubljana SLO"]
[Date "2002.06.25"]
[Round "4"]
[White "Eljanov,P"]
[Black "Zelcic,R"]
[Result "1/2-1/2"]
[WhiteElo "2561"]
[BlackElo "2547"]

1.d4 Nf6 2.Nf3 e6 3.c4 d5 4.Nc3 c5 5.cxd5 Nxd5 6.e4 cxd4 7.Qxd4 Nxc3 8.Qxc3 Nc6
9.Bb5 Bd7 10.O-O Qb6 11.a4 Qc5 12.Qd3 Qd6 13.Qe2 Qc7 14.e5 Be7 15.Bd2 O-O
16.Qe4 Rfd8 17.Bc3 Be8 18.h4 g6 19.Nh2 a6 20.Be2 h5 21.Nf3 a5 22.Bb5 Bb4
23.Rac1 Qe7 24.Qf4 Bxc3 25.Rxc3 Nb4 26.Bxe8 Qxe8 27.Qh6 Qf8 28.Qxf8+ Rxf8
29.Rc7 b6 30.Rd1 Nd5 31.Rc6 Rac8 32.Rdc1 Rxc6 33.Rxc6 Rb8 34.Ng5 Kf8 35.b3 Ke7
36.g3 Kd7 37.Rc1 Ke7 38.Kf1 Rd8 39.Ke2 Rb8 40.Rc6 Kd7 41.Rc2 Ke7 42.Kf3 Rd8
43.Rc6 Rb8 44.Rc1 Rd8 45.Ne4 Rb8 46.Nd6 Kd7 47.Nb5 Ke7 48.Ke4 Rd8 49.f3 Rg8
50.Rc6 Rd8 51.Nc3 Nxc3+ 52.Rxc3 Rd7 53.Kf4 Kf8 54.Rc6 Rd4+ 55.Ke3 Rb4 56.Rc3 Ke7
57.Kd3 Kd7 58.Ke3 b5  1/2-1/2

[Event "13th Open"]
[Site "Ljubljana SLO"]
[Date "2002.06.30"]
[Round "9"]
[White "Soln,P"]
[Black "Eljanov,P"]
[Result "0-1"]
[WhiteElo "2419"]
[BlackElo "2561"]

1.d4 Nf6 2.c4 e6 3.Nc3 Bb4 4.e3 O-O 5.Ne2 d5 6.a3 Be7 7.Nf4 c6 8.Bd3 Nbd7
9.cxd5 exd5 10.O-O Re8 11.b4 a6 12.Qb3 Nf8 13.a4 Ng6 14.a5 Bd6 15.Na4 Nxf4
16.exf4 Nh5 17.g3 Bh3 18.Nc5 Bxf1 19.Bxf1 Qc7 20.Qf3 Nf6 21.Be3 Re7 22.g4 Ne4
23.h4 Ree8 24.h5 Bf8 25.Bd3 Nd6 26.h6 Nc4 27.hxg7 Bxg7 28.Bxc4 dxc4 29.Rc1 f5
30.gxf5 Qf7 31.Ne6 Kh8 32.Qh3 Rf8 33.Rxc4 Qxf5 34.Qxf5 Rxf5 35.Kg2 Re8 36.Nc5 Re7
37.Kf3 h5 38.Ne4 Rd7 39.Nc5 Rdf7 40.Ke4 Rd5 41.Nd3 Bf8 42.Ne5 Rh7 43.f5 h4
44.f6 h3 45.Rc1 Rh5 46.Kf4 Bxb4 47.Kg4 Rhxe5 48.dxe5 Rxe5 49.f7 Rd5 50.Bh6 Rd8
51.Kxh3 Bf8 52.Re1 Rd3+ 53.Kg4 Bxh6 54.Rh1 Kg7 55.Rxh6  0-1

[Event "23rd Open"]
[Site "Bled SLO"]
[Date "2002.07.02"]
[Round "1"]
[White "Sitnik,I"]
[Black "Eljanov,P"]
[Result "0-1"]
[WhiteElo "2296"]
[BlackElo "2561"]

1.d4 Nf6 2.c4 g6 3.Nc3 d5 4.Nf3 Bg7 5.cxd5 Nxd5 6.e4 Nxc3 7.bxc3 c5 8.Be3 Qa5
9.Qd2 O-O 10.Rc1 Rd8 11.d5 e6 12.c4 Qxd2+ 13.Nxd2 b6 14.Be2 Na6 15.O-O Nb4
16.a3 Na2 17.Rc2 Nc3 18.Bf3 exd5 19.cxd5 f5 20.Rfc1 fxe4 21.Nxe4 Nxe4 22.Bxe4 Bf5
23.f3 Re8 24.Rc4 Bb2 25.Rd1 Bxe4 26.Rxe4 Kf7 27.a4 Rxe4 28.fxe4 Re8 29.Rf1+ Kg7
30.d6 Rd8 31.Rd1 Kf7 32.Rd3 Ke6 33.Bf4 Bg7 34.a5 Bd4+ 35.Kf1 bxa5 36.Ke2 a4
37.Be3 Bxe3 38.Kxe3 Rxd6 39.Rc3 Ra6 40.Rc2 a3 41.Ra2 Ke5 42.g3 g5 43.h3 h5
44.Kf3 Ra4 45.h4 g4+ 46.Ke3 Rxe4+ 47.Kd3 Ra4 48.Ke3 Kd5 49.Kd3 Ra6  0-1

[Event "23rd Open"]
[Site "Bled SLO"]
[Date "2002.07.05"]
[Round "4"]
[White "Eljanov,P"]
[Black "Sermek,D"]
[Result "1-0"]
[WhiteElo "2561"]
[BlackElo "2603"]

1.d4 Nf6 2.Nf3 c5 3.d5 b5 4.Bg5 Ne4 5.Bh4 Bb7 6.a4 a6 7.Qd3 f5 8.Nbd2 Qa5
9.c3 e6 10.Nxe4 fxe4 11.Qxe4 Bxd5 12.Qf4 Bxf3 13.exf3 c4 14.Be2 Nc6 15.O-O Be7  1-0

[Event "23rd Open"]
[Site "Bled SLO"]
[Date "2002.07.06"]
[Round "5"]
[White "Chatalbashev,B"]
[Black "Eljanov,P"]
[Result "1/2-1/2"]
[WhiteElo "2530"]
[BlackElo "2561"]

1.d4 Nf6 2.Nf3 g6 3.Nc3 d5 4.Bf4 Bg7 5.e3 O-O 6.Be2 c5 7.Ne5 Nc6 8.O-O Bf5
9.Re1 Rc8 10.Bf3 Ne4 11.Bxe4 Bxe4 12.Nxc6 Rxc6 13.Nxe4 dxe4 14.c3 c4 15.f3  1/2-1/2

[Event "23rd Open"]
[Site "Bled SLO"]
[Date "2002.07.10"]
[Round "9"]
[White "Gyimesi,Z"]
[Black "Eljanov,P"]
[Result "1/2-1/2"]
[WhiteElo "2580"]
[BlackElo "2561"]

1.d4 Nf6 2.c4 g6 3.Nc3 d5 4.Nf3 Bg7 5.Qb3 dxc4 6.Qxc4 O-O 7.e4 c6 8.Qb3 a5
9.Be2 a4 10.Qc2 a3  1/2-1/2

[Event "10th Chigorin Mem"]
[Site "St Petersburg RUS"]
[Date "2002.10.27"]
[Round "3"]
[White "Eljanov,P"]
[Black "Gasanov,E"]
[Result "1/2-1/2"]
[WhiteElo "2568"]
[BlackElo "2473"]

1.d4 Nf6 2.Nf3 e6 3.c4 Nc6 4.g3 Bb4+ 5.Bd2 Qe7 6.Nc3 O-O 7.Bg2 Bxc3 8.Bxc3 Ne4
9.Qc2 Nxc3 10.Qxc3 d6 11.d5 Nd8 12.O-O e5 13.c5 f5 14.cxd6 cxd6 15.Rac1 Nf7
16.Qc7 Qf6 17.e3 f4 18.exf4 exf4 19.Rc4 g5 20.h4 h6 21.hxg5 hxg5 22.gxf4 gxf4
23.Re1 Bg4 24.Qe7 Qxe7 25.Rxe7 Bxf3 26.Bxf3 Ne5 27.Rc3 Rf7 28.Re6 Rd8 29.Kg2 Kg7
30.Be4 f3+ 31.Bxf3 Rdf8 32.Be4  1/2-1/2

[Event "10th Chigorin Mem"]
[Site "St Petersburg RUS"]
[Date "2002.10.29"]
[Round "5"]
[White "Eljanov,P"]
[Black "Kovchan,A"]
[Result "1/2-1/2"]
[WhiteElo "2568"]
[BlackElo "2546"]

1.d4 Nf6 2.Nf3 g6 3.c4 Bg7 4.Nc3 d5 5.cxd5 Nxd5 6.e4 Nxc3 7.bxc3 c5 8.Be3 Qa5
9.Qd2 Nc6 10.Rc1 cxd4 11.cxd4 Qxd2+  1/2-1/2

[Event "10th Chigorin Mem"]
[Site "St Petersburg RUS"]
[Date "2002.10.31"]
[Round "6"]
[White "Loginov,Va"]
[Black "Eljanov,P"]
[Result "1/2-1/2"]
[WhiteElo "2532"]
[BlackElo "2568"]

1.Nf3 c5 2.c4 Nc6 3.d4 cxd4 4.Nxd4 e6 5.Nb5 Nf6 6.Bf4 Bb4+ 7.N1c3 O-O 8.Bc7 Qe7
9.Bd6 Bxd6 10.Qxd6 Ne8 11.Qxe7 Nxe7 12.g3 a6 13.Nd4 b6 14.Bg2 Rb8 15.O-O-O Bb7
16.Bxb7 Rxb7 17.b3 Nf6 18.Kb2 Ng4 19.Rdf1 f5 20.h3 Nf6 21.f4 Rc8 22.Rf3 g6
23.Rd1 Kf7 24.Re3 Nc6 25.a4 Nxd4 26.Rxd4 h6 27.Red3 g5 28.e4 fxe4 29.Nxe4 Nxe4
30.Rxe4 Rc5 31.fxg5 hxg5 32.Rf3+ Kg6 33.b4 Rf5 34.Rd3 Kf6 35.h4 a5 36.b5 gxh4
37.gxh4 Rc7 38.Rg4 Rf2+ 39.Kb3 Rf1 40.Kb2 Kf5 41.Rgd4 e5 42.Rxd7 Rxc4 43.Rf7+ Ke4
44.Rxf1 Kxd3 45.Rf3+ Kd4 46.Rf6 e4 47.Rxb6 e3 48.Re6 Kd3 49.h5 e2 50.h6 Rb4+
51.Kc1 Rc4+ 52.Kb2 Rb4+ 53.Kc1 Rc4+  1/2-1/2